Normal view
MARC view
- Law, Ethics
Entry Topical Term
001 - CONTROL NUMBER
- control field: 128395
003 - CONTROL NUMBER IDENTIFIER
- control field: NUST
005 - DATE AND TIME OF LATEST TRANSACTION
- control field: 20250318085359.0
008 - FIXED-LENGTH DATA ELEMENTS
- fixed length control field: 250318|| aca||aabn | a|a d
040 ## - CATALOGING SOURCE
- Original cataloging agency: NUST
- Transcribing agency: NUST
150 ## - HEADING--TOPICAL TERM
- Topical term or geographic name entry element: Law, Ethics
670 ## - SOURCE DATA FOUND
- Source citation: Work cat.: (NUST): Holmes, Vivien 128394, Parker & Evans's Inside lawyers' Ethics /, 2014.
